000 00723nam a22002417a 4500
001 3639
003 FISKH
005 20240402091718.0
008 240402b cb ||||| |||| 00| 0 eng d
040 _aFISK
_beng
_cFISK
_dFISK
050 _aPZ7.I762
082 _a813.54
100 _aIsaacs Anne
_d1949-
245 _aTorn thread /
_cAnne Isaacs
260 _aNew York :
_bScholastic,
_c2000
300 _a188 pages :
_c20 cm
505 _aQ
520 _aIn an attempt to save his daughter's life, Eva's father sends her from Poland to a labor camp in Czechoslovakia where she and her sister survive the war.
521 8 _a880
_bLexile
700 _aAnne Isaacs
942 _2ddc
_cBK
_n0
999 _c3639
_d3639